[Event "Junior Online 4NCL Division 5"]
[Site "online"]
[Date "2020.05.14"]
[Round "5.135"]
[White "Cepoi, Gesneria"]
[Black "Cheema, Jaideep C"]
[Result "1/2-1/2"]
[WhiteElo "1075"]
[BlackElo "1337"]
[PlyCount "173"]
[EventDate "2020.05.14"]
[WhiteTeam "Uxbridge Juniors Girls"]
[BlackTeam "Brentwood 2"]

1. e4 e5 2. Nf3 Nc6 3. Bc4 Bc5 4. O-O d6 5. Nc3 Nf6 6. Be2 O-O 7. d3 h6 8. a3
Bg4 9. b4 Bd4 10. Bb2 Bxc3 11. Bxc3 Bxf3 12. Bxf3 a6 13. h3 Re8 14. a4 b5 15.
Re1 Qd7 16. Be2 Nd4 17. Bxd4 exd4 18. c4 bxa4 19. Rxa4 Reb8 20. Qb3 c5 21. b5
axb5 22. Rxa8 Rxa8 23. Qxb5 Qxb5 24. cxb5 Ra2 25. f3 Rb2 26. Bd1 Rxb5 27. Ba4
Rb4 28. Ra1 Nh5 29. Bc2 Rb2 30. Ra8+ Kh7 31. Ba4 Ra2 32. Ra6 Nf4 33. Bb5 Rxa6
34. Bxa6 Kg6 35. g3 Nh5 36. Kg2 Kh7 37. g4 Nf6 38. Kg3 g6 39. h4 g5 40. hxg5
hxg5 41. f4 gxf4+ 42. Kxf4 Kg6 43. e5 Nd7 44. exd6 Kf6 45. g5+ Ke6 46. Bb5 Kxd6
47. Bxd7 Kxd7 48. Ke5 Ke7 49. Kd5 c4 50. Kxc4 Ke6 51. Kxd4 Kf5 52. Ke3 Kxg5 53.
d4 f5 54. d5 Kg4 55. d6 Kg3 56. d7 f4+ 57. Ke2 Kg2 58. d8=Q f3+ 59. Ke1 f2+ 60.
Kd2 f1=Q 61. Qg8+ Kh3 62. Qh8+ Kg4 63. Qg7+ Kh5 64. Qh8+ Kg6 65. Qe8+ Kg7 66.
Qe5+ Kg8 67. Qd5+ Kg7 68. Ke3 Qg1+ 69. Kf4 Qh2+ 70. Kg4 Qg1+ 71. Kh5 Qh2+ 72.
Kg4 Qg1+ 73. Kh3 Qe3+ 74. Kh2 Qh6+ 75. Kg3 Qg6+ 76. Kf4 Qf6+ 77. Ke4 Qh4+ 78.
Kd3 Qg3+ 79. Ke2 Qg4+ 80. Ke3 Qg3+ 81. Ke4 Qg2+ 82. Kd4 Qd2+ 83. Ke5 Qe3+ 84.
Qe4 Qc5+ 85. Kf4 Qf2+ 86. Qf3 Qxf3+ 87. Kxf3 1/2-1/2

[Event "Junior Online 4NCL Division 5"]
[Site "online"]
[Date "2020.05.14"]
[Round "5.136"]
[White "Omoruyi, Jaden"]
[Black "Knight, Zoe B"]
[Result "0-1"]
[WhiteElo "1217"]
[BlackElo "1007"]
[PlyCount "96"]
[EventDate "2020.05.14"]
[WhiteTeam "Brentwood 2"]
[BlackTeam "Uxbridge Juniors Girls"]

1. d4 d6 2. c4 Bf5 3. Nf3 Nf6 4. Qb3 Be4 5. d5 Qc8 6. Nbd2 g6 7. Nxe4 Nxe4 8.
Qe3 Nf6 9. g3 Bg7 10. Bg2 Qd8 11. h3 Nbd7 12. Qb3 Nc5 13. Qc2 O-O 14. b4 Nce4
15. Rb1 Rb8 16. Nh2 Nxf2 17. Kxf2 e5 18. dxe6 fxe6 19. Bg5 Ne4+ 20. Ke1 Nxg5
21. h4 Nf7 22. c5 d5 23. Bh3 e5 24. Be6 c6 25. Rf1 Qe7 26. Bxf7+ Rxf7 27. Rxf7
Qxf7 28. Nf3 e4 29. Ng5 Qc7 30. Qb3 Re8 31. b5 e3 32. b6 Qxg3+ 33. Kd1 a6 34.
Nf3 Re4 35. Kc2 Qf2 36. Qd3 Rc4+ 37. Kb3 Rc3+ 38. Qxc3 Bxc3 39. Kxc3 Qxe2 40.
Nd4 Qd2+ 41. Kb3 Qxd4 42. Rf1 e2 43. Re1 Qd1+ 44. Rxd1 exd1=Q+ 45. Kc3 Kf7 46.
Kb4 Ke6 47. a4 Qd4+ 48. Ka5 Qc3# 0-1

[Event "Junior Online 4NCL Division 5"]
[Site "online"]
[Date "2020.05.14"]
[Round "5.137"]
[White "Eshwar, Ananya"]
[Black "Kriel, Daniel"]
[Result "1-0"]
[WhiteElo "902"]
[BlackElo "1090"]
[PlyCount "131"]
[EventDate "2020.05.14"]
[WhiteTeam "Uxbridge Juniors Girls"]
[BlackTeam "Brentwood 2"]

1. d4 d5 2. Bf4 Nc6 3. e3 Bf5 4. Nf3 e6 5. Bd3 Bd6 6. Bxd6 Qxd6 7. Bxf5 exf5 8.
O-O Nf6 9. h3 O-O 10. Nbd2 h6 11. c4 b6 12. cxd5 Qxd5 13. b3 Rad8 14. Nc4 b5
15. Nce5 Nxe5 16. Nxe5 Ne4 17. Nf3 Nc3 18. Qd3 Ne4 19. Nd2 Ng5 20. Rfe1 Rfe8
21. f3 c5 22. h4 c4 23. bxc4 bxc4 24. Qc2 Ne4 25. fxe4 fxe4 26. Nxc4 Rc8 27.
Rac1 Rc7 28. Qb3 Rec8 29. Nd6 Qxd6 30. Rxc7 Qxc7 31. Kf2 Qc2+ 32. Qxc2 Rxc2+
33. Kg3 Rxa2 34. Kf4 a5 35. Kxe4 g6 36. d5 f5+ 37. Ke5 Rb2 38. d6 a4 39. d7
Rb5+ 40. Ke6 Rb8 41. Ke7 Rb7 42. Ra1 g5 43. hxg5 hxg5 44. Ke8 Rb8+ 45. d8=R
Rxd8+ 46. Kxd8 Kg7 47. Rxa4 Kg6 48. Ra6+ Kh5 49. Ra4 f4 50. exf4 g4 51. f5 Kg5
52. Ra5 Kf6 53. Kd7 g3 54. Ke8 Kg5 55. Ke7 Kf4 56. f6 Ke3 57. f7 Kf2 58. f8=Q+
Kxg2 59. Ra2+ Kh3 60. Qf5+ Kh4 61. Qf4+ Kh3 62. Ra3 Kh2 63. Qxg3+ Kh1 64. Qd3
Kg2 65. Ra2+ Kg1 66. Qb1# 1-0

[Event "Junior Online 4NCL Division 5"]
[Site "online"]
[Date "2020.05.14"]
[Round "5.138"]
[White "Coppell, Gracie"]
[Black "Vijayakumar, Mrinali"]
[Result "0-1"]
[WhiteElo "1000"]
[BlackElo "790"]
[PlyCount "58"]
[EventDate "2020.05.14"]
[WhiteTeam "Brentwood 2"]
[BlackTeam "Uxbridge Juniors Girls"]

1. e4 Nf6 2. Nc3 e5 3. Nf3 d6 4. b3 Be6 5. d3 d5 6. h3 d4 7. Be2 dxc3 8. O-O
Bc5 9. Nxe5 O-O 10. Qe1 Re8 11. Be3 Ba3 12. f3 Bb2 13. Rb1 a6 14. Rxb2 cxb2 15.
Bg5 Qd4+ 16. Kh2 Qxe5+ 17. Kh1 Qxg5 18. d4 Nc6 19. Rg1 Nxd4 20. Bc4 Nxc2 21.
Qe2 Bxc4 22. bxc4 Na3 23. Qxb2 Nxc4 24. Qc2 Ne3 25. Qxc7 Rac8 26. Qd6 Nc4 27.
Qd1 Ne3 28. Qd2 Red8 29. Qf2 Rc2 0-1

[Event "Junior Online 4NCL Division 5"]
[Site "online"]
[Date "2020.05.14"]
[Round "5.142"]
[White "Howett, Ralphie"]
[Black "Meredith, George"]
[Result "1-0"]
[WhiteElo "1217"]
[BlackElo "1082"]
[PlyCount "87"]
[EventDate "2020.05.14"]
[WhiteTeam "St Mary's Harborne"]
[BlackTeam "Manchester Juniors C"]

1. e4 e5 2. Nf3 Nc6 3. Nc3 Nf6 4. Bc4 Bb4 5. d3 O-O 6. Be3 d6 7. O-O Bxc3 8.
bxc3 a6 9. d4 exd4 10. cxd4 b5 11. Bb3 Bg4 12. h3 Bxf3 13. Qxf3 Nb4 14. e5 dxe5
15. dxe5 Nfd5 16. Bc5 Re8 17. Rad1 c6 18. a3 Nxc2 19. Bxc2 Rxe5 20. Bd4 Re7 21.
Qg3 g6 22. Bxg6 fxg6 23. h4 Re4 24. h5 Qe8 25. hxg6 hxg6 26. Qh3 Rxd4 27. Rxd4
Qe5 28. Rfd1 Qh5 29. Qe6+ Kh7 30. Qxc6 Rf8 31. Rxd5 Qh4 32. Rd7+ Kh6 33. Qc1+
Rf4 34. g3 Qg4 35. Qxf4+ Qxf4 36. gxf4 g5 37. R7d6+ Kh5 38. R1d5 Kg4 39. fxg5
Kh5 40. g6+ Kh6 41. Rd7 b4 42. g7 bxa3 43. g8=Q a2 44. Qh7# 1-0

[Event "Junior Online 4NCL Division 5"]
[Site "online"]
[Date "2020.05.14"]
[Round "5.143"]
[White "Morgan, Alice"]
[Black "Madoc, Arthur"]
[Result "0-1"]
[WhiteElo "1000"]
[BlackElo "1262"]
[PlyCount "44"]
[EventDate "2020.05.14"]
[WhiteTeam "Manchester Juniors C"]
[BlackTeam "St Mary's Harborne"]

1. e4 e5 2. Bc4 Bc5 3. Nf3 Nc6 4. Nc3 b6 5. d3 Bb7 6. Bd2 Nf6 7. O-O Qe7 8. Qe1
O-O 9. Nd5 Nxd5 10. Bxd5 Rab8 11. Ng5 h6 12. Bxf7+ Rxf7 13. Nxf7 Qxf7 14. Rd1
Nd4 15. a4 Nxc2 16. Qe2 Nd4 17. Rc1 d5 18. exd5 Nxe2+ 19. Kh1 Nxc1 20. Rxc1
Bxd5 21. b3 Qxf2 22. Rd1 Qxg2# 0-1

[Event "Junior Online 4NCL Division 5"]
[Site "online"]
[Date "2020.05.14"]
[Round "5.144"]
[White "Mykhnenko, Marijka"]
[Black "Pearson, Matt D"]
[Result "1-0"]
[WhiteElo "1015"]
[BlackElo "1007"]
[PlyCount "77"]
[EventDate "2020.05.14"]
[WhiteTeam "St Mary's Harborne"]
[BlackTeam "Manchester Juniors C"]

1. e4 e5 2. Nf3 Nc6 3. Nc3 Bc5 4. Bc4 Nf6 5. d3 d6 6. O-O O-O 7. Ng5 h6 8. Nh3
Be6 9. Qf3 Kh8 10. Qg3 Qe7 11. Kh1 Rad8 12. Qh4 Rd7 13. Ng5 Kg8 14. Nxe6 fxe6
15. Qg3 Kh8 16. Qh3 Nd4 17. Bg5 d5 18. exd5 exd5 19. Bb3 a6 20. Nxd5 Qf7 21.
Nxf6 gxf6 22. Bxf7 Rfxf7 23. Qxh6+ Rh7 24. Qxf6+ Kg8 25. Qg6+ Kh8 26. Bf6+ Rdg7
27. Bxg7+ Rxg7 28. Qe8+ Rg8 29. Qxe5+ Rg7 30. Qxc5 Rg4 31. Qe5+ Kg8 32. Qxc7
Ne6 33. Qc8+ Nf8 34. Qxg4+ Kh8 35. Rae1 b5 36. Re5 b4 37. Rh5+ Nh7 38. Qg6 a5
39. Qxh7# 1-0

[Event "Junior Online 4NCL Division 5"]
[Site "online"]
[Date "2020.05.14"]
[Round "5.146"]
[White "Meredith, George"]
[Black "Howett, Ralphie"]
[Result "1-0"]
[WhiteElo "1082"]
[BlackElo "1217"]
[PlyCount "91"]
[EventDate "2020.05.14"]
[WhiteTeam "Manchester Juniors C"]
[BlackTeam "St Mary's Harborne"]

1. e4 e5 2. Nf3 Nc6 3. Nc3 Nf6 4. Bb5 Bc5 5. O-O d6 6. d3 Bg4 7. Bg5 a6 8.
Bxc6+ bxc6 9. Qe2 h6 10. Bxf6 Qxf6 11. a3 d5 12. exd5 cxd5 13. Nxd5 Qd8 14. Nc3
e4 15. Qxe4+ Be6 16. Qc6+ Bd7 17. Qxc5 a5 18. Qe5+ Be6 19. Qxg7 Rf8 20. Qxh6
Qe7 21. Qf4 O-O-O 22. Qa4 f6 23. Qxa5 Rg8 24. Rfe1 Qg7 25. g3 Rd5 26. Qa6+ Kd7
27. Nxd5 Bxd5 28. Qb5+ c6 29. Qb7+ Kd6 30. Qxg7 Rxg7 31. c4 Bxf3 32. b4 f5 33.
c5+ Kc7 34. Re3 f4 35. Rxf3 fxg3 36. Rxg3 Rd7 37. Rb1 Kb7 38. b5 Rxd3 39. Rxd3
Kc8 40. Rbd1 Kb7 41. bxc6+ Kc7 42. Rc3 Kc8 43. a4 Kc7 44. Re3 Kc8 45. Re7 Kb8
46. Rd8# 1-0

[Event "Junior Online 4NCL Division 5"]
[Site "online"]
[Date "2020.05.14"]
[Round "5.147"]
[White "Madoc, Arthur"]
[Black "Morgan, Alice"]
[Result "1-0"]
[WhiteElo "1262"]
[BlackElo "1000"]
[PlyCount "81"]
[EventDate "2020.05.14"]
[WhiteTeam "St Mary's Harborne"]
[BlackTeam "Manchester Juniors C"]

1. e4 d5 2. exd5 Qxd5 3. Nc3 Qe5+ 4. Be2 Nc6 5. Nf3 Qd6 6. d4 Bf5 7. Bd3 g6 8.
O-O Bg7 9. d5 Bxd3 10. Qxd3 Nb4 11. Qb5+ Kf8 12. Ne4 Qb6 13. Qxb6 cxb6 14. c3
Nxd5 15. Rd1 Rd8 16. c4 Ke8 17. cxd5 f5 18. Nc3 Bf6 19. Bf4 e5 20. Nxe5 Rd6 21.
Nxg6 Rd7 22. Nxh8 Bxh8 23. Rd2 Bg7 24. Rad1 h6 25. d6 Bf6 26. f3 a6 27. Kf2 a5
28. Na4 b5 29. Nb6 Rf7 30. Ke3 a4 31. d7+ Kf8 32. d8=Q+ Bxd8 33. Rxd8+ Kg7 34.
Be5+ Kh7 35. Kf4 Ne7 36. R1d7 Kg6 37. Rd6+ Kh5 38. Kg3 b4 39. Nd5 b3 40. Nf4+
Kg5 41. h4# 1-0

[Event "Junior Online 4NCL Division 5"]
[Site "online"]
[Date "2020.05.14"]
[Round "5.148"]
[White "Pearson, Matt D"]
[Black "Mykhnenko, Marijka"]
[Result "1-0"]
[WhiteElo "1007"]
[BlackElo "1015"]
[PlyCount "73"]
[EventDate "2020.05.14"]
[WhiteTeam "Manchester Juniors C"]
[BlackTeam "St Mary's Harborne"]

1. e4 e5 2. Nf3 Nc6 3. Bc4 Bc5 4. O-O Nf6 5. d3 d6 6. h3 Nd7 7. Be3 Qf6 8. Kh1
Nf8 9. Nc3 Ng6 10. Rg1 Nh4 11. Bg5 Qg6 12. Bxh4 Nd4 13. Nd5 O-O 14. Ne7+ Kh8
15. Nxg6+ fxg6 16. Nxd4 Bxd4 17. Rf1 Bxb2 18. Rb1 Bd4 19. Qd2 Rf4 20. g3 Rf8
21. c3 Bc5 22. d4 exd4 23. cxd4 Bb6 24. Kh2 Bd7 25. e5 dxe5 26. dxe5 Rae8 27.
Qxd7 Rxe5 28. Kg2 g5 29. Rbe1 Rxe1 30. Rxe1 Rxf2+ 31. Kh1 Rf8 32. Bxg5 Bf2 33.
Re8 h6 34. Rxf8+ Kh7 35. Bf6 Kg6 36. g4 h5 37. Qxg7# 1-0

[Event "Junior Online 4NCL Division 5"]
[Site "online"]
[Date "2020.05.14"]
[Round "5.151"]
[White "Sinha, Aarav"]
[Black "Kanodia, Ramit"]
[Result "0-1"]
[WhiteElo "1202"]
[BlackElo "770"]
[PlyCount "156"]
[EventDate "2020.05.14"]
[WhiteTeam "Leicestershire Juniors 3"]
[BlackTeam "Dundee"]

1. e4 e5 2. Nf3 Nc6 3. Bc4 Bc5 4. b4 Bxb4 5. c3 Bc5 6. d4 exd4 7. O-O dxc3 8.
Bxf7+ Kxf7 9. Qd5+ Ke8 10. Qxc5 Nf6 11. Qxc3 Nxe4 12. Qxg7 Rf8 13. Qxh7 d5 14.
Ng5 Nxg5 15. Qh5+ Nf7 16. Re1+ Kd7 17. Qg4+ Kd6 18. Bf4+ Nfe5 19. Qg6+ Rf6 20.
Qh5 Qe7 21. Nc3 Rxf4 22. Nb5+ Kd7 23. Qh3+ Ke8 24. Qh8+ Rf8 25. Qh5+ Kd8 26.
Rac1 Re8 27. Rxc6 Nf3+ 28. gxf3 Qxe1+ 29. Kg2 Rg8+ 30. Rg6 Rg7 31. Qh8+ Qe8 32.
Qxg7 Qxb5 33. Qf6+ Ke8 34. Rg8+ Kd7 35. Qf7+ Kd6 36. Rd8+ Kc6 37. Qg6+ Kc5 38.
Qg5 Bh3+ 39. Kxh3 Rxd8 40. Qxd8 Qf1+ 41. Kg3 Qg1+ 42. Kh3 Qf1+ 43. Kg3 Qb5 44.
Qxc7+ Qc6 45. Qa5+ Qb5 46. Qxa7+ Qb6 47. Qa3+ Kc6 48. Qc3+ Kd6 49. Qf6+ Kc5 50.
Qe7+ Kb5 51. Qd7+ Kc4 52. Qg4+ d4 53. Qg8+ Kc3 54. Kg2 d3 55. Kf1 Qb1+ 56. Kg2
d2 57. Qc8+ Kb2 58. Qxb7+ Kc1 59. Qc6+ Qc2 60. Qxc2+ Kxc2 61. f4 d1=Q 62. Kg3
Qg1+ 63. Kf3 Qxh2 64. f5 Qh5+ 65. Ke4 Qe2+ 66. Kf4 Qxf2+ 67. Kg5 Kd3 68. f6 Qa7
69. Kg6 Qb8 70. f7 Qf8 71. Kf6 Kd4 72. a4 Kc5 73. a5 Kb5 74. Ke6 Kxa5 75. Kf6
Kb6 76. Kg6 Kc6 77. Kf6 Kd6 78. Kg6 Ke6 0-1

[Event "Junior Online 4NCL Division 5"]
[Site "online"]
[Date "2020.05.14"]
[Round "5.152"]
[White "Shepherd, Fiontan"]
[Black "Rahimifard, Cyrus"]
[Result "1-0"]
[WhiteElo "458"]
[BlackElo "1165"]
[PlyCount "95"]
[EventDate "2020.05.14"]
[WhiteTeam "Dundee"]
[BlackTeam "Leicestershire Juniors 3"]

1. e4 e5 2. Nf3 Nc6 3. Bb5 a6 4. Ba4 Nf6 5. O-O Bc5 6. Nc3 O-O 7. Nd5 Nxd5 8.
exd5 e4 9. dxc6 exf3 10. Qxf3 dxc6 11. d3 Qe7 12. Bf4 Re8 13. Bb3 b5 14. Qxc6
Bf5 15. Qxc7 Bd7 16. Rae1 Rac8 17. Qe5 Bb4 18. Qxe7 Rxe7 19. Rxe7 Kf8 20. Rxd7
Ke8 21. Rc7 Rd8 22. Re1+ Kf8 23. Ree7 Bd6 24. Bxd6 Rxd6 25. Rxf7+ Ke8 26. Rc8+
Rd8 27. Rxd8+ Kxd8 28. Rxg7 a5 29. Rxh7 a4 30. Be6 b4 31. g4 b3 32. cxb3 axb3
33. axb3 Ke8 34. g5 Kf8 35. g6 Ke8 36. g7 Ke7 37. g8=Q+ Kf6 38. Qf7+ Ke5 39.
Rh5+ Kd4 40. Qf4+ Kxd3 41. Rh3+ Kc2 42. Bf5+ Kxb2 43. Qd2+ Ka3 44. Qc1+ Kb4 45.
Qc4+ Ka3 46. Rc3 Kb2 47. Rc2+ Ka3 48. Qa4# 1-0

[Event "Junior Online 4NCL Division 5"]
[Site "online"]
[Date "2020.05.14"]
[Round "5.153"]
[White "Lv, Catherine Jia-Ai"]
[Black "Baron, Alexander"]
[Result "1/2-1/2"]
[WhiteElo "1210"]
[BlackElo "216"]
[PlyCount "102"]
[EventDate "2020.05.14"]
[WhiteTeam "Leicestershire Juniors 3"]
[BlackTeam "Dundee"]

1. e4 e5 2. Nf3 Nc6 3. Bc4 Bc5 4. d3 d6 5. O-O Nf6 6. Bg5 Bg4 7. Bxf6 Qxf6 8.
Nbd2 O-O 9. b3 Bb4 10. h3 Bh5 11. Qe2 Bxd2 12. Qxd2 Bxf3 13. Qe3 Nd4 14. Rac1
Qg6 15. g3 Ne2+ 16. Kh2 Nxc1 17. Qxf3 Nxa2 18. Ra1 Nc3 19. b4 c6 20. Qe3 d5 21.
exd5 cxd5 22. Bb3 Qe6 23. d4 exd4 24. Qxd4 Ne2 25. Qh4 Qf6 26. Qxf6 gxf6 27.
Bxd5 Rfd8 28. Bxb7 Rab8 29. Bf3 Nxg3 30. Kxg3 Rxb4 31. Rxa7 Rf8 32. Re7 Rb2 33.
Re2 Kh8 34. c4 Rxe2 35. Bxe2 Rg8+ 36. Kf3 Re8 37. c5 Rc8 38. Kg4 Rxc5 39. f4
f5+ 40. Kg5 Kg7 41. Bd3 h6+ 42. Kh5 Kf6 43. h4 Kg7 44. Bxf5 Rxf5+ 45. Kg4 Ra5
46. h5 Kf6 47. Kh4 Kf5 48. Kg3 Ke4 49. Kg4 f5+ 50. Kg3 Ra3+ 51. Kh4 Rf3 1/2-1/2

[Event "Junior Online 4NCL Division 5"]
[Site "online"]
[Date "2020.05.14"]
[Round "5.154"]
[White "Liu, Haoqi"]
[Black "Abraham, Leo"]
[Result "1-0"]
[WhiteElo "200"]
[BlackElo "1022"]
[PlyCount "42"]
[EventDate "2020.05.14"]
[WhiteTeam "Dundee"]
[BlackTeam "Leicestershire Juniors 3"]

1. e4 e5 2. Nf3 Nc6 3. Nc3 Nf6 4. Bc4 Bc5 5. Nxe5 Nxe5 6. d3 Nxc4 7. dxc4 O-O
8. e5 Re8 9. Bg5 Rxe5+ 10. Ne2 Rxg5 11. Qd3 Re5 12. O-O-O Qe7 13. Nf4 d6 14. g3
Bg4 15. f3 Be3+ 16. Kb1 Bxf3 17. Rdf1 Bxh1 18. Rxh1 Bxf4 19. gxf4 Re1+ 20. Rxe1
Qxe1+ 21. Qd1 Qxd1# 1-0

[Event "Junior Online 4NCL Division 5"]
[Site "online"]
[Date "2020.05.14"]
[Round "5.155"]
[White "Kanodia, Ramit"]
[Black "Sinha, Aarav"]
[Result "0-1"]
[WhiteElo "770"]
[BlackElo "1202"]
[PlyCount "74"]
[EventDate "2020.05.14"]
[WhiteTeam "Dundee"]
[BlackTeam "Leicestershire Juniors 3"]

1. e4 e5 2. Nf3 Nc6 3. Bb5 Nf6 4. Nc3 a6 5. Bxc6 bxc6 6. Nxe5 Bd6 7. Nf3 O-O 8.
e5 Bxe5 9. Nxe5 Re8 10. f4 d6 11. d3 dxe5 12. f5 e4 13. O-O Ng4 14. Qxg4 exd3
15. Bh6 g6 16. fxg6 Bxg4 17. gxf7+ Kh8 18. fxe8=Q+ Qxe8 19. Rf8+ Qxf8 20. Bxf8
Rxf8 21. cxd3 c5 22. Nd5 Be6 23. Nxc7 Bd7 24. Nxa6 c4 25. dxc4 Rg8 26. Rf1 Bh3
27. Rf2 Bc8 28. Nc7 Rd8 29. b3 Rd7 30. Nd5 Rd8 31. a4 Re8 32. a5 Bb7 33. Nc7
Re1+ 34. Rf1 Re2 35. a6 Rxg2+ 36. Kh1 Rg7+ 37. Rf3 Bxf3# 0-1

[Event "Junior Online 4NCL Division 5"]
[Site "online"]
[Date "2020.05.14"]
[Round "5.156"]
[White "Rahimifard, Cyrus"]
[Black "Shepherd, Fiontan"]
[Result "0-1"]
[WhiteElo "1165"]
[BlackElo "458"]
[PlyCount "58"]
[EventDate "2020.05.14"]
[WhiteTeam "Leicestershire Juniors 3"]
[BlackTeam "Dundee"]

1. e4 d5 2. e5 Nc6 3. Nf3 Bg4 4. Nc3 e6 5. Bd3 Bb4 6. a3 Ba5 7. O-O Nge7 8. h3
Bh5 9. b3 Bxc3 10. dxc3 Bxf3 11. Qxf3 Nxe5 12. Qe3 Nxd3 13. cxd3 O-O 14. Qg3
Nf5 15. Qg4 Qd6 16. Re1 Rae8 17. Bf4 Qd7 18. c4 dxc4 19. bxc4 Qxd3 20. Red1
Qxc4 21. Rac1 Qa4 22. Rxc7 Qxa3 23. Rxb7 Rc8 24. Rdd7 Qa1+ 25. Kh2 Rcd8 26. Bc7
Rxd7 27. Rb8 Rxb8 28. Bxb8 Rd1 29. Qc4 Rh1# 0-1

[Event "Junior Online 4NCL Division 5"]
[Site "online"]
[Date "2020.05.14"]
[Round "5.157"]
[White "Baron, Alexander"]
[Black "Lv, Catherine Jia-Ai"]
[Result "1-0"]
[WhiteElo "216"]
[BlackElo "1210"]
[PlyCount "37"]
[EventDate "2020.05.14"]
[WhiteTeam "Dundee"]
[BlackTeam "Leicestershire Juniors 3"]

1. e4 e5 2. Nf3 Nc6 3. Bc4 Bc5 4. c3 Nf6 5. d4 exd4 6. cxd4 Nxd4 7. Nxd4 Nxe4
8. Qd3 f5 9. Nxf5 Nxf2 10. Qe2+ Kf8 11. Qf3 Nxh1 12. Nd6+ Qf6 13. Qh5 g6 14.
Qxc5 b6 15. Qe3 Qxd6 16. Qf3+ Ke8 17. Qf7+ Kd8 18. Bg5+ Qe7+ 19. Qxe7# 1-0

[Event "Junior Online 4NCL Division 5"]
[Site "online"]
[Date "2020.05.14"]
[Round "5.158"]
[White "Abraham, Leo"]
[Black "Liu, Haoqi"]
[Result "1-0"]
[WhiteElo "1022"]
[BlackElo "200"]
[PlyCount "29"]
[EventDate "2020.05.14"]
[WhiteTeam "Leicestershire Juniors 3"]
[BlackTeam "Dundee"]

1. e4 e5 2. Nf3 Nc6 3. Nc3 Nf6 4. Bc4 Bc5 5. d3 d6 6. Bg5 Bg4 7. O-O O-O 8. Qd2
Bxf3 9. gxf3 Ne7 10. Bxf6 gxf6 11. Qh6 Re8 12. Qxf6 Rf8 13. Kh1 h5 14. Rg1+ Kh7
15. Qg7# 1-0

[Event "Junior Online 4NCL Division 5"]
[Site "online"]
[Date "2020.05.14"]
[Round "5.161"]
[White "Li, Reya"]
[Black "Hanache, Kai"]
[Result "1-0"]
[WhiteElo "1427"]
[BlackElo "1217"]
[PlyCount "49"]
[EventDate "2020.05.14"]
[WhiteTeam "Ojays F"]
[BlackTeam "Hammersmith 3"]

1. e4 e6 2. d4 d5 3. e5 c5 4. c3 Nc6 5. Nf3 Qb6 6. a3 Bd7 7. Be2 O-O-O 8. b4 c4
9. a4 Be7 10. a5 Qb5 11. Na3 Qa6 12. b5 Qxa5 13. bxc6 Bxc6 14. Bb2 Qb6 15. Qc2
Ba4 16. Qd2 g5 17. h3 g4 18. hxg4 f6 19. Nxc4 dxc4 20. Rxa4 fxe5 21. Nxe5 Bf6
22. Nf7 Ne7 23. Nxh8 Rxh8 24. Rxc4+ Kb8 25. Qf4+ 1-0

[Event "Junior Online 4NCL Division 5"]
[Site "online"]
[Date "2020.05.14"]
[Round "5.162"]
[White "Yang, Rachel"]
[Black "Genc, Guven"]
[Result "1-0"]
[WhiteElo "1180"]
[BlackElo "1397"]
[PlyCount "49"]
[EventDate "2020.05.14"]
[WhiteTeam "Hammersmith 3"]
[BlackTeam "Ojays F"]

1. e4 e5 2. Nf3 Nc6 3. Bb5 a6 4. Ba4 b5 5. Bb3 Nf6 6. Ng5 Bc5 7. Nxf7 Bxf2+ 8.
Kxf2 Nxe4+ 9. Ke1 Qf6 10. Qe2 Ng5 11. Nxh8 d6 12. h3 Nd4 13. Qf2 Nf5 14. g4 Ne4
15. Qf3 Neg3 16. Qxa8 Kd7 17. Qf3 Nxh1 18. Qxf5+ Qxf5 19. gxf5 Ke7 20. Be6 Bxe6
21. fxe6 Kxe6 22. Nc3 Ke7 23. a4 bxa4 24. Rxa4 a5 25. Rxa5 1-0

[Event "Junior Online 4NCL Division 5"]
[Site "online"]
[Date "2020.05.14"]
[Round "5.163"]
[White "McAndrew, Rory"]
[Black "Singh, Simran"]
[Result "1-0"]
[WhiteElo "1397"]
[BlackElo "1120"]
[PlyCount "41"]
[EventDate "2020.05.14"]
[WhiteTeam "Ojays F"]
[BlackTeam "Hammersmith 3"]

1. e4 e5 2. Nf3 Nc6 3. Bc4 h6 4. Nc3 Nf6 5. d3 Bc5 6. h3 d6 7. Bd2 Be6 8. Bb5
Bd7 9. a3 a6 10. Ba4 O-O 11. Bb3 Re8 12. Qe2 Qe7 13. Nh4 Nh7 14. Qf3 Rf8 15.
Qg3 Qf6 16. Nd5 Qe7 17. Nxe7+ Nxe7 18. Bxh6 g6 19. Bxf8 Nxf8 20. Qg5 d5 21.
exd5 1-0

[Event "Junior Online 4NCL Division 5"]
[Site "online"]
[Date "2020.05.14"]
[Round "5.164"]
[White "Ewart, Samuel"]
[Black "McAndrew, Max"]
[Result "0-1"]
[WhiteElo "925"]
[BlackElo "1390"]
[PlyCount "88"]
[EventDate "2020.05.14"]
[WhiteTeam "Hammersmith 3"]
[BlackTeam "Ojays F"]

1. e4 e5 2. Nf3 Nc6 3. Bb5 Nf6 4. Nc3 Bc5 5. d3 h6 6. Be3 Bxe3 7. fxe3 d6 8.
Bxc6+ bxc6 9. d4 Bg4 10. dxe5 dxe5 11. Qxd8+ Rxd8 12. h3 Bh5 13. g4 Bg6 14. O-O
O-O 15. g5 hxg5 16. Nxg5 Rd2 17. Rad1 Rxc2 18. Rb1 Rb8 19. Na4 Rc4 20. b3 Rcb4
21. a3 Rxb3 22. Rxb3 Rxb3 23. Nf3 Rxa3 24. Nc5 Rxe3 25. Ng5 Rg3+ 26. Kh2 Rxg5
27. Rg1 Rxg1 28. Kxg1 a5 29. Kh1 Bxe4+ 30. Nxe4 Nxe4 31. h4 a4 32. h5 a3 33. h6
a2 34. h7+ Kxh7 35. Kg1 c5 36. Kf1 a1=Q+ 37. Kg2 c4 38. Kf3 c3 39. Kxe4 c2 40.
Ke3 c1=Q+ 41. Ke2 Qa2+ 42. Kf3 Qc3+ 43. Ke4 Qa4+ 44. Kd5 Qca5# 0-1

[Event "Junior Online 4NCL Division 5"]
[Site "online"]
[Date "2020.05.14"]
[Round "5.165"]
[White "Hanache, Kai"]
[Black "Li, Reya"]
[Result "1-0"]
[WhiteElo "1217"]
[BlackElo "1427"]
[PlyCount "75"]
[EventDate "2020.05.14"]
[WhiteTeam "Hammersmith 3"]
[BlackTeam "Ojays F"]

1. e4 e5 2. Nf3 Nc6 3. d4 exd4 4. Bc4 Nf6 5. O-O Bc5 6. c3 dxc3 7. e5 d5 8.
exf6 dxc4 9. Qxd8+ Kxd8 10. fxg7 Rg8 11. Nxc3 Rxg7 12. Bg5+ Ke8 13. Nd5 Bd6 14.
Rfe1+ Be6 15. Nf6+ Kf8 16. Bh6 Be7 17. Nh5 Bb4 18. Bxg7+ Kg8 19. Re4 Bf5 20.
Rf4 Bg6 21. Rg4 f5 22. Rxc4 Bxh5 23. Bd4 Bxf3 24. gxf3 Kf7 25. Rd1 Rg8+ 26. Kh1
Bd6 27. Bc5 Bxc5 28. Rxc5 Ke6 29. Rdd5 Ne7 30. Rd1 Nc6 31. Rc2 Nb4 32. Re2+ Kf6
33. a3 Nc6 34. Red2 Ne5 35. f4 Nf3 36. Rd7 Rg4 37. Rxc7 Rh4 38. Rd6# 1-0

[Event "Junior Online 4NCL Division 5"]
[Site "online"]
[Date "2020.05.14"]
[Round "5.166"]
[White "Genc, Guven"]
[Black "Yang, Rachel"]
[Result "0-1"]
[WhiteElo "1397"]
[BlackElo "1180"]
[PlyCount "58"]
[EventDate "2020.05.14"]
[WhiteTeam "Ojays F"]
[BlackTeam "Hammersmith 3"]

1. e4 c5 2. Nf3 Nc6 3. d4 cxd4 4. Nxd4 Nf6 5. Nc3 e5 6. Nf3 Bb4 7. Bd2 O-O 8.
Bd3 d6 9. O-O Bg4 10. a3 Ba5 11. b4 Bb6 12. Nd5 Nxd5 13. exd5 Nd4 14. Be2 Nxe2+
15. Qxe2 Rc8 16. c4 Bxf3 17. gxf3 Bd4 18. Ra2 a6 19. Rc2 b5 20. Rfc1 Qf6 21. c5
Qg6+ 22. Kh1 Rfd8 23. Be3 h6 24. Bxd4 exd4 25. c6 d3 26. Qe7 dxc2 27. c7 Re8
28. Qxd6 Qxd6 29. Rxc2 Rxc7 0-1

[Event "Junior Online 4NCL Division 5"]
[Site "online"]
[Date "2020.05.14"]
[Round "5.167"]
[White "Singh, Simran"]
[Black "McAndrew, Rory"]
[Result "0-1"]
[WhiteElo "1120"]
[BlackElo "1397"]
[PlyCount "22"]
[EventDate "2020.05.14"]
[WhiteTeam "Hammersmith 3"]
[BlackTeam "Ojays F"]

1. e4 e5 2. Nf3 Nc6 3. Bc4 Bc5 4. Nc3 Nf6 5. d3 Ng4 6. O-O h6 7. h3 h5 8. hxg4
hxg4 9. Nh2 Qh4 10. Bf4 exf4 11. Qxg4 Qxh2# 0-1